[Event "St Petersburg-ch Seniors Blitz (Women)"]
[Site "St Petersburg"]
[Date "2022.10.05"]
[Round "6"]
[White "Fatalibekova, Elena"]
[Black "Ovsiannikova, Tatiana"]
[Result "1-0"]
[WhiteElo "2040"]
[BlackElo "1937"]
[PlyCount "81"]
[EventDate "2022.10.05"]
[EventType "swiss (blitz)"]
[EventRounds "11"]
[EventCountry "RUS"]
[SourceTitle "CBM 210 Extra"]
[Source "ChessBase"]
[SourceDate "2022.11.30"]
[SourceVersion "1"]
[SourceVersionDate "2022.11.30"]
[SourceQuality "1"]

1. e4 c6 2. d4 d5 3. exd5 cxd5 4. c4 e6 5. Nc3 Nf6 6. Nf3 Be7 7. c5 Nc6 8. Bb5 0-0 9. 0-0 Bd7 10. Re1 a6 11. Bxc6 Bxc6 12. Ne5 Rc8 13. b4 b6 14. Qe2 bxc5 15. bxc5 Qa5 16. Bd2 Qa3 17. Rab1 Bb5 18. Qf3 Bc4 19. Nxd5 Qxa2 20. Nxe7+ Kh8 21. Nxc8 Bd5 22. Qh3 Qxd2 23. Nd6 Kg8 24. c6 Bxc6 25. Nxc6 Nd5 26. Red1 Qg5 27. Qg3 Qh5 28. Rbc1 h6 29. Ne5 Nf6 30. h3 Nd5 31. Qf3 f6 32. Qxh5 fxe5 33. Qxe5 Rf6 34. Rc8+ Kh7 35. Qe4+ g6 36. Rdc1 h5 37. Qh4 Kh6 38. R1c5 g5 39. Qg3 h4 40. Qe5 Nf4 41. Qxf6+ 1-0

[Event "St Petersburg-ch Seniors Blitz (Women)"]
[Site "St Petersburg"]
[Date "2022.10.05"]
[Round "1"]
[White "Ovsiannikova, Tatiana"]
[Black "Kazantseva, Alla"]
[Result "1-0"]
[WhiteElo "1937"]
[BlackElo "1611"]
[PlyCount "83"]
[EventDate "2022.10.05"]
[EventType "swiss (blitz)"]
[EventRounds "11"]
[EventCountry "RUS"]
[SourceTitle "CBM 210 Extra"]
[Source "ChessBase"]
[SourceDate "2022.11.30"]
[SourceVersion "1"]
[SourceVersionDate "2022.11.30"]
[SourceQuality "1"]

1. e4 e5 2. Nc3 Nf6 3. Bc4 Bc5 4. d3 d6 5. h3 0-0 6. Bg5 Nbd7 7. Nf3 c6 8. a3 b5 9. Bb3 h6 10. Bh4 Qc7 11. Qd2 a5 12. 0-0 Bb7 13. d4 exd4 14. Nxd4 b4 15. axb4 axb4 16. Rxa8 Rxa8 17. Na4 Nxe4 18. Qe3 Nef6 19. Rd1 d5 20. Bg3 Qd8 21. Qf3 Qe7 22. Nf5 Qe4 23. Nh4 Qxf3 24. Nxf3 Re8 25. c3 Ba6 26. Nd4 Bxd4 27. cxd4 Ne4 28. Bf4 g5 29. Be3 Nef6 30. Bc2 Kg7 31. Bf5 Nf8 32. Nc5 Bc8 33. Bc2 Ne6 34. Nd3 Nc7 35. Nxb4 Nb5 36. Nxc6 Bb7 37. Ne5 Nd6 38. f3 Bc8 39. Ra1 Bf5 40. Bb3 Nb5 41. g4 Bh7 42. Ra5 1-0

[Event "St Petersburg-ch Seniors Rapid (Women)"]
[Site "St Petersburg"]
[Date "2022.10.04"]
[Round "6"]
[White "Ovsiannikova, Tatiana"]
[Black "Kazantseva, Alla"]
[Result "1-0"]
[WhiteElo "1918"]
[BlackElo "1554"]
[PlyCount "101"]
[EventDate "2022.10.03"]
[EventType "swiss (rapid)"]
[EventRounds "10"]
[EventCountry "RUS"]
[SourceTitle "EXT 2024"]
[Source "ChessBase"]
[SourceDate "2023.10.10"]
[SourceVersion "1"]
[SourceVersionDate "2023.10.10"]
[SourceQuality "1"]

1. e4 e5 2. Nc3 Nc6 3. Bc4 Bc5 4. d3 Nf6 5. Bg5 h6 6. Bh4 Be7 7. Nf3 d6 8. h3 Bd7 9. a3 Qc8 10. Qe2 Na5 11. Ba2 Be6 12. d4 Bxa2 13. Nxa2 exd4 14. Nxd4 0-0 15. 0-0-0 a6 16. Rhe1 Nc6 17. Nf5 Qe6 18. Nc3 Ne5 19. f4 Ng6 20. Bg3 b5 21. Nd4 Qd7 22. Nf3 Rab8 23. e5 Rfe8 24. Bh2 Nh7 25. g4 Ngf8 26. Nd5 Ne6 27. Nxe7+ Qxe7 28. exd6 cxd6 29. f5 Nhf8 30. fxe6 Qxe6 31. Qxe6 Rxe6 32. Rxe6 Nxe6 33. Bxd6 Rd8 34. Be5 Rxd1+ 35. Kxd1 Nc5 36. Nd2 f6 37. Bd4 Ne6 38. c3 Nf4 39. h4 Ng2 40. Bf2 Nf4 41. Kc2 Nd5 42. Ne4 Kf7 43. b4 Ke7 44. Nc5 Nc7 45. Bg3 Nd5 46. Kd3 Nb6 47. Bc7 Nc4 48. Nxa6 Nxa3 49. Bg3 Ke6 50. Ke4 Nc2 51. Nc7+ 1-0

[Event "St Petersburg-ch Seniors Rapid (Women)"]
[Site "St Petersburg"]
[Date "2022.10.04"]
[Round "7"]
[White "Ovsiannikova, Tatiana"]
[Black "Mednikova, Svetlana"]
[Result "1/2-1/2"]
[WhiteElo "1918"]
[BlackElo "1996"]
[PlyCount "123"]
[EventDate "2022.10.03"]
[EventType "swiss (rapid)"]
[EventRounds "10"]
[EventCountry "RUS"]
[SourceTitle "EXT 2024"]
[Source "ChessBase"]
[SourceDate "2023.10.10"]
[SourceVersion "1"]
[SourceVersionDate "2023.10.10"]
[SourceQuality "1"]

1. e4 e5 2. Nc3 Nc6 3. Bc4 Nf6 4. d3 Na5 5. Bb3 Nxb3 6. axb3 d5 7. exd5 Nxd5 8. Nge2 Bg4 9. h3 Bh5 10. 0-0 Bc5 11. Ne4 Be7 12. N4g3 Bg6 13. Nc3 0-0 14. Re1 f6 15. Qf3 c6 16. Be3 Nxe3 17. Qxe3 b6 18. Qf3 Qd7 19. Ra4 Bd6 20. Rea1 a5 21. Nce4 Be7 22. Rd1 f5 23. Nc3 b5 24. Raa1 Bc5 25. Nce2 Bb6 26. Nc3 Rae8 27. Kh1 Rf6 28. Kh2 Qd4 29. Rf1 e4 30. Qf4 exd3 31. Qxd4 Bxd4 32. cxd3 Bb6 33. f4 Bf7 34. Rfe1 Rxe1 35. Rxe1 Re6 36. Rc1 g6 37. Nce2 Rd6 38. d4 Bxb3 39. Rc3 a4 40. Re3 Kf7 41. Rd3 Bc4 42. Rd2 Re6 43. Nc3 Rd6 44. Nge2 Bb3 45. g4 fxg4 46. hxg4 Bd5 47. Kg3 Ba5 48. f5 Bb4 49. Kf4 a3 50. bxa3 Bxa3 51. Nxd5 Rxd5 52. Rc2 gxf5 53. gxf5 Rd6 54. Rc3 b4 55. Rh3 h6 56. Ke5 Rd5+ 57. Ke4 Rb5 58. Rxh6 b3 59. Nc3 b2 60. Rh7+ Kg8 61. Rh1 Rb7 62. f6 1/2-1/2

[Event "St Petersburg-ch Seniors (Women)"]
[Site "St Petersburg"]
[Date "2022.09.27"]
[Round "4"]
[White "Ovsiannikova, Tatiana"]
[Black "Mednikova, Svetlana"]
[Result "0-1"]
[WhiteElo "2009"]
[BlackElo "2092"]
[PlyCount "48"]
[EventDate "2022.09.24"]
[EventType "swiss"]
[EventRounds "9"]
[EventCountry "RUS"]
[SourceTitle "CBM 210 Extra"]
[Source "ChessBase"]
[SourceDate "2022.11.30"]
[SourceVersion "1"]
[SourceVersionDate "2022.11.30"]
[SourceQuality "1"]

1. e4 c5 2. Nc3 Nc6 3. g3 g6 4. Bg2 Bg7 5. d3 e6 6. Nge2 Nge7 7. 0-0 0-0 8. Bd2 d5 9. exd5 exd5 10. Qc1 Re8 11. Nf4 d4 12. Ne4 b6 13. Re1 Bb7 14. h4 Nf5 15. Nh3 Nd6 16. Bh6 Nxe4 17. dxe4 Ne5 18. Bxg7 Kxg7 19. b3 Qd7 20. Qd2 Qxh3 21. f4 Qxg3 22. fxe5 Rxe5 23. Qf2 Qxf2+ 24. Kxf2 Rae8 0-1

[Event "RUS-chT Seniors final"]
[Site "Sochi"]
[Date "2019.05.05"]
[Round "5.5"]
[White "Ovsiannikova, Tatiana"]
[Black "Titorenko, Natalia I"]
[Result "1-0"]
[WhiteElo "1911"]
[BlackElo "2089"]
[PlyCount "67"]
[EventDate "2019.05.01"]
[EventType "team-tourn"]
[EventRounds "9"]
[EventCountry "RUS"]
[SourceTitle "CBM 190 Extra"]
[Source "ChessBase"]
[SourceDate "2019.07.15"]
[SourceVersion "1"]
[SourceVersionDate "2019.07.15"]
[SourceQuality "1"]
[WhiteTeam "Sochi Pearl"]
[BlackTeam "Moscow Legacy Square"]
[WhiteTeamCountry "RUS"]
[BlackTeamCountry "RUS"]

1. d4 Nf6 2. c4 g6 3. Nc3 d5 4. Nf3 Bg7 5. Bg5 Ne4 6. Bh4 Nxc3 7. bxc3 c5 8. e3 Qa5 9. Qb3 cxd4 10. exd4 Nc6 11. 0-0-0 dxc4 12. Bxc4 0-0 13. d5 b5 14. Bd3 Bxc3 15. Kb1 Bg4 16. Rc1 Nb4 17. Rxc3 Rfc8 18. Rhc1 Nxd3 19. Rxd3 Bf5 20. Bxe7 Bxd3+ 21. Qxd3 Rxc1+ 22. Kxc1 Qxa2 23. Kd1 b4 24. d6 Qa4+ 25. Ke2 Qd7 26. Qd5 Rc8 27. Ne5 Qf5 28. d7 Qc2+ 29. Ke3 Rc3+ 30. Nd3 Qc1+ 31. Kd4 Rxd3+ 32. Kxd3 Qd1+ 33. Kc4 Qe2+ 34. Kb3 1-0

[Event "RUS-chT Seniors final"]
[Site "Sochi"]
[Date "2019.05.04"]
[Round "4.5"]
[White "Ovsiannikova, Tatiana"]
[Black "Strutinskaya, Galina N"]
[Result "1-0"]
[WhiteElo "1911"]
[BlackElo "2218"]
[PlyCount "83"]
[EventDate "2019.05.01"]
[EventType "team-tourn"]
[EventRounds "9"]
[EventCountry "RUS"]
[SourceTitle "CBM 190 Extra"]
[Source "ChessBase"]
[SourceDate "2019.07.15"]
[SourceVersion "1"]
[SourceVersionDate "2019.07.15"]
[SourceQuality "1"]
[WhiteTeam "Sochi Pearl"]
[BlackTeam "Cheliabinsk Yuzhnyy Ural"]
[WhiteTeamCountry "RUS"]
[BlackTeamCountry "RUS"]

1. e4 c5 2. Nc3 Nc6 3. f4 e6 4. Nf3 a6 5. Be2 b5 6. 0-0 d5 7. e5 Nge7 8. d3 Nd4 9. h3 Nec6 10. Kh2 Be7 11. Bd2 Bd7 12. a3 b4 13. axb4 cxb4 14. Na4 0-0 15. c3 Nxe2 16. Qxe2 Rb8 17. Be3 a5 18. Rfc1 f6 19. Bc5 fxe5 20. fxe5 Rf5 21. d4 Be8 22. Bxe7 Qxe7 23. Nc5 bxc3 24. bxc3 Bg6 25. Qa6 Nd8 26. Ra2 Rf7 27. Qxa5 Be4 28. Ng1 Qg5 29. Re1 Qf4+ 30. Kh1 Qh4 31. Rae2 Bf5 32. Qa4 Re7 33. Rf1 Nf7 34. Nf3 Qh5 35. Ref2 g5 36. Nd7 Rxd7 37. Qxd7 Rf8 38. Nh2 Nh6 39. g4 Be4+ 40. Kg1 Rxf2 41. Rxf2 Qg6 42. Rf6 1-0